000 00892nam a2200241 a 4500
001 000881043
003 AM-YeHGA
005 20250617145319.0
008 120402s1974 ru r 000 0 rus d
040 _aAM-YeHGA
041 0 _arus
100 1 _aМочалов, Владимир Васильевич
245 1 0 _aМалина /
_cВ.В. Мочалов, М.Н. Алеева, И.В. Шпилева.
260 _aНовосибирск :
_bЗападно-Сибирское кн. изд-во,
_c1974.
300 _a66 с. :
_bрис., табл. ;
_c20 см.
440 0 _aБиблиотечка садовода
504 _aБиблиогр. : с. 66
650 1 4 _aЯгодные кустарники и ягодные травянистые растения
650 1 4 _aМалина
700 1 _aАлеева, М.Н.
700 1 _aШпилева, И.В.
090 _c311406
999 _c309692
_d309692